Kreise im Bezirk Halle in der DDR - Statistiken

Allgemein
  • Dieses Quiz wurde 12 mal gespielt
  • Das Durchschnittsergebnis liegt bei 11 aus 20
Antwortstatistiken
Antwort Einwohnerzahl Heutiges Bundesland % Korrekt
Eisleben 70,000 Sachsen-Anhalt
90%
Köthen 80,000 Sachsen-Anhalt
90%
Bernburg 85,000 Sachsen-Anhalt
80%
Merseburg 130,000 Sachsen-Anhalt
80%
Naumburg 70,000 Sachsen-Anhalt
80%
Bitterfeld 120,000 Sachsen-Anhalt
70%
Querfurt 40,000 Sachsen-Anhalt
70%
Weißenfels 85,000 Sachsen-Anhalt
70%
Aschersleben 90,000 Sachsen-Anhalt
60%
Zeitz 95,000 Sachsen-Anhalt
60%
Artern 54,000 Thüringen
50%
Quedlinburg 80,000 Sachsen-Anhalt
50%
Sangerhausen 75,000 Sachsen-Anhalt
50%
Gräfenhainichen 45,000 Sachsen-Anhalt
40%
Wittenberg 90,000 Sachsen-Anhalt
40%
Hettstedt 65,000 Sachsen-Anhalt
30%
Hohenmölsen 55,000 Sachsen-Anhalt
30%
Nebra 35,000 Sachsen-Anhalt
30%
Saalkreis 100,000 Sachsen-Anhalt
20%
Roßlau 35,000 Sachsen-Anhalt
10%
Keine übereinstimmenden Quizze gefunden
Verteilung der Resultate
Anzahl Personen mit jedem Resultat
Perzentil nach korrekt beantworteten Fragen
Ihre Resultats-Entwicklung
Sie haben dieses Quiz noch nicht gespielt